00577nam a22001937a 450000500170000001000130001702000220003003500130005203700160006504000120008108200130009310000170010624501110012326000400023427000410027430000200031565000280033570000200036320170124110144.0 aA-574393 c00.00a8185386366 aA-574393 bCen Lib/Ret aDPLbEN a658bBLA aBlake, John  aThe ABC of management :cby John Blake [and] Peter Lawrenceba handbook of management terms and concepts / aDelhibA.I.T.B.S. publishers c1992 bDelhiaD-2/15, Krishna nagare110051 a131p.c20cm(Hb) a Management vHandbook  aLawrence, Peter